<?xml version="1.0" encoding="UTF-8"?>
<record
    xmlns:xsi="http://www.w3.org/2001/XMLSchema-instance"
    xsi:schemaLocation="http://www.loc.gov/MARC21/slim http://www.loc.gov/standards/marcxml/schema/MARC21slim.xsd"
    xmlns="http://www.loc.gov/MARC21/slim">

  <leader>01622nam a2200289 a 4500</leader>
  <controlfield tag="001">79118</controlfield>
  <controlfield tag="003">BD-RjUL</controlfield>
  <controlfield tag="005">20220105123549.0</controlfield>
  <controlfield tag="008">160725s1918    ii            000 0 per d</controlfield>
  <datafield tag="035" ind1=" " ind2=" ">
    <subfield code="a">(BD-RjUL)79118</subfield>
  </datafield>
  <datafield tag="040" ind1=" " ind2=" ">
    <subfield code="a">HAI</subfield>
    <subfield code="c">BD-RjUL</subfield>
    <subfield code="b">eng</subfield>
  </datafield>
  <datafield tag="041" ind1="0" ind2=" ">
    <subfield code="a">per</subfield>
  </datafield>
  <datafield tag="082" ind1=" " ind2=" ">
    <subfield code="2">23</subfield>
    <subfield code="a">016.091297</subfield>
    <subfield code="b">KHF V-1 1918</subfield>
  </datafield>
  <datafield tag="090" ind1=" " ind2=" ">
    <subfield code="b">H34 1918</subfield>
  </datafield>
  <datafield tag="110" ind1="2" ind2=" ">
    <subfield code="a">Khoda Bakhsh Oriental Public Library ;; &#x62E;&#x62F;&#x627; &#x628;&#x62E;&#x634; &#x623;&#x648;&#x631;&#x64A;&#x64A;&#x646;&#x62A;&#x627;&#x644; &#x67E;&#x627;&#x628;&#x644;&#x64A;&#x643; &#x644;&#x627;&#x64A;&#x628;&#x631;&#x64A;&#x631;&#x64A;</subfield>
    <subfield code="9">506</subfield>
  </datafield>
  <datafield tag="245" ind1="1" ind2="0">
    <subfield code="a">&#x641;&#x647;&#x631;&#x633;&#x62A; &#x62F;&#x633;&#x62A;&#x64A; &#x643;&#x62A;&#x628; &#x642;&#x644;&#x645;&#x64A; &#x644;&#x627;&#x628;&#x631;&#x64A;&#x631;&#x64A; &#x645;&#x648;&#x642;&#x648;&#x641;&#x647; &#x62E;&#x627;&#x646; &#x628;&#x647;&#x627;&#x62F;&#x631; &#x62E;&#x62F;&#x627; &#x628;&#x62E;&#x634;... &#x645;&#x633;&#x645;&#x649; &#x628;&#x647; &#x645;&#x641;&#x62A;&#x627;&#x62D; &#x627;&#x644;&#x643;&#x646;&#x648;&#x632; &#x627;&#x644;&#x62E;&#x641;&#x64A;&#x629; ;; faharasat disti katab qalami labriri mawqufah khan bihadir khada bikhash... musamaa bih miftah alkunuz alkhafia</subfield>
    <subfield code="c">&#x645;&#x631;&#x62A;&#x628;&#x647; &#x645;&#x648;&#x644;&#x648;&#x64A; &#x639;&#x628;&#x62F; &#x627;&#x644;&#x62D;&#x645;&#x64A;&#x62F; &#x61B; &#x645;&#x635;&#x62F;&#x642;&#x647; &#x62F;&#x64A;&#x646;&#x64A;&#x633;&#x646; &#x631;&#x627;&#x633; &#x61B; &#x632;&#x64A;&#x631; &#x646;&#x6AF;&#x631;&#x627;&#x646;&#x64A; &#x645;&#x648;&#x644;&#x648;&#x64A; &#x627;&#x628;&#x648; &#x627;&#x644;&#x62D;&#x633;&#x646; &#x62E;&#x627;&#x646;. ;; muratabah mulawi eabd alhamid ; musadiquh dinisin ras ; zir nagrani mulawi abu alhasan khan.</subfield>
  </datafield>
  <datafield tag="246" ind1="3" ind2="3">
    <subfield code="a">miftah alkunuz alkhafia ;; &#x645;&#x641;&#x62A;&#x627;&#x62D; &#x627;&#x644;&#x643;&#x646;&#x648;&#x632; &#x627;&#x644;&#x62E;&#x641;&#x64A;&#x629;</subfield>
  </datafield>
  <datafield tag="260" ind1=" " ind2=" ">
    <subfield code="a">&#x67E;&#x62A;&#x646;&#x647; :</subfield>
    <subfield code="b">&#x635;&#x627;&#x62F;&#x62F;&#x642;&#x67E;&#x648;&#x631; &#x67E;&#x631;&#x64A;&#x633;&#x60C;</subfield>
    <subfield code="c">&#x661;&#x669;&#x661;&#x668;-&#x661;&#x669;&#x662;&#x665;.</subfield>
  </datafield>
  <datafield tag="300" ind1=" " ind2=" ">
    <subfield code="a">v. ;</subfield>
    <subfield code="c">&#x663;&#x664; &#x633;.</subfield>
  </datafield>
  <datafield tag="500" ind1=" " ind2=" ">
    <subfield code="a">&#x631;&#x62A;&#x628; &#x627;&#x644;&#x62C;&#x632;&#x621; &#x627;&#x644;&#x62B;&#x627;&#x644;&#x62A; &#x633;&#x64A;&#x62F; &#x623;&#x637;&#x647;&#x631; &#x634;&#x64A;&#x631;</subfield>
  </datafield>
  <datafield tag="650" ind1=" " ind2="4">
    <subfield code="a">Manuscripts, Arabic</subfield>
    <subfield code="z">India</subfield>
    <subfield code="z">Patna</subfield>
    <subfield code="v">Catalogs</subfield>
    <subfield code="9">507</subfield>
  </datafield>
  <datafield tag="650" ind1=" " ind2="4">
    <subfield code="a">Manuscripts, Persian</subfield>
    <subfield code="z">India</subfield>
    <subfield code="z">Patna</subfield>
    <subfield code="v">Catalogs</subfield>
    <subfield code="9">508</subfield>
  </datafield>
  <datafield tag="700" ind1="1" ind2=" ">
    <subfield code="a">Abdul Hamid, Molowi  ;; &#x639;&#x628;&#x62F; &#x627;&#x644;&#x62D;&#x645;&#x64A;&#x62F;&#x60C; &#x645;&#x648;&#x644;&#x648;&#x64A;</subfield>
    <subfield code="9">509</subfield>
  </datafield>
  <datafield tag="700" ind1="1" ind2=" ">
    <subfield code="a">Sher, Syed Athar ;; &#x634;&#x64A;&#x631;&#x60C; &#x633;&#x64A;&#x62F; &#x623;&#x637;&#x647;&#x631;</subfield>
    <subfield code="9">510</subfield>
  </datafield>
  <datafield tag="700" ind1="1" ind2=" ">
    <subfield code="a">&#x631;&#x648;&#x633;&#x60C; &#x623;&#x62F;&#x648;&#x627;&#x631;&#x62F; &#x62F;&#x64A;&#x646;&#x64A;&#x633;&#x648;&#x646;&#x60C;  ;; Ross, Edward Denison, </subfield>
    <subfield code="d">1871-1940</subfield>
    <subfield code="9">511</subfield>
  </datafield>
  <datafield tag="942" ind1=" " ind2=" ">
    <subfield code="2">ddc</subfield>
    <subfield code="c">BK</subfield>
  </datafield>
  <datafield tag="999" ind1=" " ind2=" ">
    <subfield code="c">79118</subfield>
    <subfield code="d">79118</subfield>
  </datafield>
  <datafield tag="952" ind1=" " ind2=" ">
    <subfield code="0">0</subfield>
    <subfield code="1">0</subfield>
    <subfield code="2">ddc</subfield>
    <subfield code="4">0</subfield>
    <subfield code="7">1</subfield>
    <subfield code="8">NFIC</subfield>
    <subfield code="a">RUCL</subfield>
    <subfield code="b">RUCL</subfield>
    <subfield code="c">Reading</subfield>
    <subfield code="d">1978-12-28</subfield>
    <subfield code="e">Khoda bakhaks oriental Lib. Patna</subfield>
    <subfield code="o">F 016.091297 KHF V-1 1918</subfield>
    <subfield code="r">2022-01-04 00:00:00</subfield>
    <subfield code="t">C-1</subfield>
    <subfield code="y">BK</subfield>
  </datafield>
  <datafield tag="952" ind1=" " ind2=" ">
    <subfield code="0">0</subfield>
    <subfield code="1">0</subfield>
    <subfield code="2">ddc</subfield>
    <subfield code="4">0</subfield>
    <subfield code="7">1</subfield>
    <subfield code="8">NFIC</subfield>
    <subfield code="a">RUCL</subfield>
    <subfield code="b">RUCL</subfield>
    <subfield code="c">Reading</subfield>
    <subfield code="d">1978-12-28</subfield>
    <subfield code="e">Khoda bakhaks oriental Lib. Patna</subfield>
    <subfield code="o">F 016.091297 KHF V-2 1922</subfield>
    <subfield code="r">2022-01-04 00:00:00</subfield>
    <subfield code="t">C-1</subfield>
    <subfield code="y">BK</subfield>
  </datafield>
</record>
